[Event "Polanica Zdroj op-B 45th"]
[Site "Polanica Zdroj"]
[Date "2009.08.18"]
[Round "1"]
[White "Jagiela, Piotr"]
[Black "Szymczak, Paula"]
[Result "1-0"]
[WhiteElo "1939"]
[BlackElo "1674"]
[PlyCount "55"]
[EventDate "2009.08.18"]
[EventType "swiss"]
[EventRounds "10"]
[EventCountry "POL"]
[SourceTitle "CBM 131 Extra"]
[Source "ChessBase"]
[SourceDate "2009.09.03"]
[SourceVersion "2"]
[SourceVersionDate "2009.09.16"]
[SourceQuality "1"]

1. c4 e5 2. Nc3 Nc6 3. g3 Nf6 4. Bg2 Bb4 5. e3 Bxc3 6. bxc3 d6 7. d4 e4 8. Ne2 Bf5 9. h3 Qd7 10. g4 Bg6 11. Ng3 d5 12. g5 Ng8 13. cxd5 Qxd5 14. h4 h5 15. Qb3 Qxb3 16. axb3 f5 17. Ba3 0-0-0 18. Bh3 Nge7 19. Bxe7 Nxe7 20. Nxe4 Kb8 21. Nc5 Nd5 22. Kd2 Rhe8 23. c4 Nb4 24. Kc3 Nc6 25. Bg2 Rd6 26. Nd3 Re7 27. Bf3 b6 28. Ra6 1-0